| 000 | 00622nam a2200241 a 4500 | ||
|---|---|---|---|
| 001 | nice12345678 | ||
| 003 | IN_TiNIC | ||
| 005 | 20260116013254.0 | ||
| 008 | 050524s1997 dela grp 000 0 eng | ||
| 020 |
_a8171418 _c250 |
||
| 082 | 0 | 0 |
_a305.40954 _bMUT |
| 100 | _aMuthulakshmi, R | ||
| 245 |
_aFemale Infanticide _b Its Causes and Solutions |
||
| 260 |
_aDelhi _bDiscovery Pub.House _c1997 |
||
| 300 | _a132p | ||
| 500 | _aincludes index and biblioraphy | ||
| 505 | 2 | _aBibliography, Indices | |
| 650 | _aWomen-India | ||
| 700 | 1 | _aMuthulakshmi, R | |
| 902 | _bSRS | ||
| 942 | _cBK | ||
| 999 |
_c10345 _d10345 |
||